Prvý celoslovenský eucharistický kongres

Bibliographic Details
Main Author: Mistrík, Bystrík (Author)
Format: Article
Language:Slovak
ISSN:0701-0192
Subjects:

MARC

LEADER 00000nab a2200000 ar4500
001 vtls008413630
003 SK-MaSNL
005 20260303070227.0
008 051206c2005 xo mr|p|||||||000 b|slo
015 |a SNBRB2005/12  |2 snkbucl 
038 |a SNKBUCL 
040 |a SNKBUCL  |b slo  |c SNKBUCL  |e AACR2 
041 0 |a slo 
044 |a xo  |c SK 
080 |a 265.3:061.3(061.3)(091)  |2 UDC-MRF-SK2 
100 1 |a Mistrík, Bystrík  |4 aut  |9 496879 
245 1 0 |a Prvý celoslovenský eucharistický kongres  |c Bystrík Mistrík 
500 |a Dokončenie 
611 2 7 |a Celoslovenský eucharistický kongres  |d (1924 :  |c Bratislava, Slovensko)   |2 snkbucl  |9 20398 
650 0 7 |a dejiny  |2 snkbucl  |9 3825 
773 0 |t Posol  |g Roč. 84, č. 10 (2005), s. 24-25  |x 0701-0192 
852 |a SNK  |b KIS3GCP 
958 |a SK 
999 |c 1754470  |d 1756400